Normal view
MARC view
- الفصول الدراسية-إدارة . المدارس-إدارة
Entry Topical Term
001 - CONTROL NUMBER
- control field: 13389
003 - CONTROL NUMBER IDENTIFIER
- control field: JO-AjAnu
005 - DATE AND TIME OF LATEST TRANSACTION
- control field: 20230606072436.0
008 - FIXED-LENGTH DATA ELEMENTS
- fixed length control field: 230606|| aca||aabn | a|a d
040 ## - CATALOGING SOURCE
- Original cataloging agency: JO-AjAnu
- Transcribing agency: JO-AjAnu
150 ## - HEADING--TOPICAL TERM
- Topical term or geographic name entry element: الفصول الدراسية-إدارة . المدارس-إدارة
670 ## - SOURCE DATA FOUND
- Source citation: Work cat.: (JO-AjAnu)6889: لوفيفر،لوسيان مؤلف/سعد،يحيى مترجم/عبد العزيز،أنور مراجع, author 13388, إدارة الفصل المدرسي:الملاحظة النفسية التربوية